Principals of Operating Systems (Record no. 52389)
[ view plain ]
| 000 -LEADER | |
|---|---|
| fixed length control field | 00402nam a2200157Ia 4500 |
| 008 - FIXED-LENGTH DATA ELEMENTS--GENERAL INFORMATION | |
| fixed length control field | 220530s9999 xx 000 0 und d |
| 020 ## - INTERNATIONAL STANDARD BOOK NUMBER | |
| International Standard Book Number | 9780198082873 |
| 041 ## - LANGUAGE CODE | |
| Language code of text/sound track or separate title | eng |
| 082 ## - DEWEY DECIMAL CLASSIFICATION NUMBER | |
| Item number | CHA |
| 100 ## - MAIN ENTRY--PERSONAL NAME | |
| Personal name | Chauhan, Naresh |
| 9 (RLIN) | 58134 |
| 245 ## - TITLE STATEMENT | |
| Title | Principals of Operating Systems |
| 250 ## - EDITION STATEMENT | |
| Edition statement | 1 Edition |
| 260 ## - PUBLICATION, DISTRIBUTION, ETC. (IMPRINT) | |
| Place of publication, distribution, etc. | Haryana |
| Name of publisher, distributor, etc. | Oxford Universtiy Press |
| Date of publication, distribution, etc. | 2014 |
| 300 ## - PHYSICAL DESCRIPTION | |
| Extent | 669 P |
| Other physical details | PB |
| 906 ## - LOCAL DATA ELEMENT F, LDF (RLIN) | |
| a | 136.25 |
| b | COMP |
| Withdrawn status | Lost status | Damaged status | Not for loan | Collection code | Home library | Current library | Date acquired | Vendor | Cost, normal purchase price | Full call number | Barcode | Date last seen | Cost, replacement price | Bill Date | Koha item type | Original Barcode |
|---|---|---|---|---|---|---|---|---|---|---|---|---|---|---|---|---|
| Computer Engineering | Cummins College of Engineering for Women Nagpur | Cummins College of Engineering for Women Nagpur | 31/12/2014 | Allied Publisher Pvt. Ltd. | 545.00 | CHA | CEWN-BK-6970 | 30/05/2022 | 408.75 | 30/05/2022 | Books | 006970 |